Normal view
MARC view
- POLITICAL SCIENCE / International Relations / Arms Control
Entry Topical Term
001 - CONTROL NUMBER
- control field: 104852
003 - CONTROL NUMBER IDENTIFIER
- control field: NUST
005 - DATE AND TIME OF LATEST TRANSACTION
- control field: 20221214144509.0
008 - FIXED-LENGTH DATA ELEMENTS
- fixed length control field: 221214|| aca||aabn | a|a d
040 ## - CATALOGING SOURCE
- Original cataloging agency: NUST
- Transcribing agency: NUST
150 ## - HEADING--TOPICAL TERM
- Topical term or geographic name entry element: POLITICAL SCIENCE / International Relations / Arms Control
670 ## - SOURCE DATA FOUND
- Source citation: Work cat.: (NUST)0: Cohen, Stephen P., 1936- author. 104851, The South Asia papers :
